| 000 | 00443nam a2200193 i 4500 | ||
|---|---|---|---|
| 001 | bg | ||
| 245 | 0 |
_aPolistyren / _cZ. Hertz [et al.]. |
|
| 260 |
_aWarszawa, _c1961. |
||
| 490 | 1 | _aTworzywa sztuczne | |
| 650 | 9 | _aPolistyren | |
| 650 | 9 | _aTworzywa sztuczne | |
| 700 | 1 | _aHertz, Zofia. | |
| 830 | _aTworzywa sztuczne | ||
| 040 | _cBPK | ||
| 041 | _apol | ||
| 080 | _a678 | ||
| 942 | _cKS | ||
| 008 | s pl f |000 0 pol | ||
| 999 |
_c19741 _d19741 |
||
| 856 |
_uhttp://koha.tu.koszalin.pl/cgi-bin/koha/opac-detail.pl?biblionumber=19741 _yKatalog online BPK |
||